000 00349pab a2200145 454500
008 180718b1989 xxu||||| |||| 00| 0 eng d
100 _aGugnani, Hans Raj
245 _aEducational consultancy in the private sector
260 _c1989
300 _a4-5,7
362 _a21 Aug.
650 _aConsultants
773 _aUniversity News
909 _a6558
999 _c6558
_d6558